The Gambling Quiz - Statistics

General Stats
  • This quiz has been taken 71 times
  • The average score is 2 of 8
Answer Stats
Question Answer % Correct
Pick an answer 1
36%
Pick an answer 1
36%
Pick an answer 1
29%
Pick an answer 1
29%
Pick an answer Banana
26%
Pick an answer Banana
24%
Pick an answer Banana
24%
Pick an answer Banana
19%
No matching quizzes found
Score Distribution
Percent of People with Each Score
Percentile by Number Answered
Your Score History
You have not taken this quiz